书目信息 |
| 题名: |
笔记本电脑选购、使用与维护从入门到精通
|
|
| 作者: | 龙飞主编 | |
| 分册: | ||
| 出版信息: | 上海 上海科学普及出版社 2011 |
|
| 页数: | 347页 | |
| 开本: | 26cm | |
| 丛书名: | ||
| 单 册: | ||
| 中图分类: | TP368.32 | |
| 科图分类: | ||
| 主题词: | 主题 笔记本计算机 基本知识 | |
| 电子资源: | ||
| ISBN: | 978-7-5427-4966-6 | |
| 000 | 00711nam0 2200205 450 | |
| 001 | 502 | |
| 005 | 20160905160437.70 | |
| 010 | @a978-7-5427-4966-6@d39.80 | |
| 092 | @b902134 | |
| 101 | @achi | |
| 200 | @a笔记本电脑选购、使用与维护从入门到精通@f龙飞主编 | |
| 210 | @a上海@c上海科学普及出版社@d2011 | |
| 215 | @a347页@d26cm | |
| 300 | @a附光盘一张 | |
| 330 | @a本书分为初学入门、进阶提高、技能精通、成就高手四篇。内容包括:笔记本电脑入门,选购笔记本电脑,安装笔记本电脑系统,设置笔记本电脑使用环境,设置笔记本电脑网络连接,运用笔记本电脑网上冲浪等。 | |
| 606 | @a主题 笔记本计算机 基本知识 | |
| 690 | @aTP368.32@v4 | |
| 701 | @a龙飞主编 | |
| 801 | 0 | @aCN@b唐山师范学院图书馆@c20160722 |
| 905 | @aZUCC@dTP368.32@e453 | |
| 笔记本电脑选购、使用与维护从入门到精通/龙飞主编.-上海:上海科学普及出版社,2011 |
| 347页;26cm |
| 附光盘一张 |
| ISBN 978-7-5427-4966-6:39.80 |
| 本书分为初学入门、进阶提高、技能精通、成就高手四篇。内容包括:笔记本电脑入门,选购笔记本电脑,安装笔记本电脑系统,设置笔记本电脑使用环境,设置笔记本电脑网络连接,运用笔记本电脑网上冲浪等。 |
| ● |
| 相关链接 |
|
|
|
|
正题名:笔记本电脑选购、使用与维护从入门到精通
索取号:TP368.32/453
 
预约/预借
| 序号 | 登录号 | 条形码 | 馆藏地/架位号 | 状态 | 备注 |
| 1 | 902134 | 209021342 | 第二样本阅览室/ [索取号:TP368.32/453] | 在馆 | |
| 2 | 902135 | 209021351 | 第三借阅区/ [索取号:TP368.32/453] | 在馆 | |
| 3 | 902136 | 209021360 | 密集书库—计算机科学学院/ [索取号:TP368.32/453] | 在馆 | |
| 4 | 902137 | 209021379 | 第三借阅区/ [索取号:TP368.32/453] | 在馆 | |
| 5 | 902138 | 209021388 | 第三借阅区/ [索取号:TP368.32/453] | 在馆 |